000 00470nam a22001577a 4500
005 20251108164308.0
008 250721s1985 xx 000 0 ara d
082 1 4 _a811.6/دلا
100 1 _aأبو دلامة، زند بن الجون الأسدي
245 1 0 _aديوان أبي دلامة الأسدي /
264 1 _aعمان :
_bمؤسسة الرسالة،
_c1985.
300 _a104ص
650 1 7 _aالشعر المخضرم
942 _2ddc
_cBK
999 _c8621
_d8621